Laboralim 2015 zborník vedeckých prác
| Corporate Author: | |
|---|---|
| Other Authors: | |
| Format: | Conference Proceeding Book |
| Language: | Slovak Czech English |
| PhysicalDescription: | 421 s. fotogr., grafy, ilustr., sch., tab. 20 cm |
| Published: |
Bratislava
Slovenská chemická knižnica
2015
|
| ISBN: | 9788089597239 |
| Edition: | 1. vyd. |
| Subjects: |
MARC
| LEADER | 00000nam a2200000 a 4500 | ||
|---|---|---|---|
| 001 | vtls011470125 | ||
| 003 | SK-MaSNL | ||
| 005 | 20260301175931.0 | ||
| 008 | 181130s2015 xo da f n 100 0 slo | ||
| 015 | |a SNBA2016/02 | ||
| 020 | |a 9788089597239 |q (brož.) | ||
| 035 | |a urn:nbn:sk:snk-am00azia | ||
| 035 | |a urn:nbn:sk:snk-am3h8y1 | ||
| 035 | |a 4B9E4C5D-CF69-4EAF-BDB0-8BE51DB45334 | ||
| 040 | |a SNK |b slo |c SNK |e AACR2 | ||
| 041 | 0 | |a slo |a cze |a eng |b eng | |
| 044 | |a xo |c SK | ||
| 072 | 7 | |a 664 |x Potravinársky priemysel |2 konspekt | |
| 080 | |a 663/664 |2 2001 | ||
| 080 | |a 543.6:663/664 |2 2001 | ||
| 080 | |a 663/664-021.465 |2 2001 | ||
| 080 | |a (062.534) |2 2001 | ||
| 111 | 2 | |a Laboralim |n (19. : |d 2015 : |c Gabčíkovo, Slovensko) |9 550494 | |
| 245 | 1 | 0 | |a Laboralim 2015 |b zborník vedeckých prác |c [editor] Ladislav Staruch |
| 250 | |a 1. vyd. | ||
| 260 | |a Bratislava |b Slovenská chemická knižnica |c 2015 | ||
| 300 | |a 421 s. |b fotogr., grafy, ilustr., sch., tab. |c 20 cm | ||
| 500 | |a Vyd. pre SSV, PS Slovenskej spoločnosti pre poľnohospodárske, lesnícke, potravinárske a veterinárske vedy pri SAV | ||
| 504 | |a Bibliogr. | ||
| 546 | |a Text aj v angl. a češ. Res. angl. | ||
| 650 | 0 | 7 | |a potravinársky priemysel |2 SNKPH |9 974 |
| 650 | 0 | 7 | |a analýza potravín |2 SNKPH |9 26393 |
| 650 | 0 | 7 | |a kvalita potravín |2 SNKPH |9 30955 |
| 650 | 0 | 7 | |a Food industry |2 SNKPHeng |9 267576 |
| 650 | 0 | 7 | |a Food analysis |2 SNKPHeng |9 82024 |
| 650 | 0 | 7 | |a Food quality |2 SNKPHeng |9 315697 |
| 655 | 7 | |a zborníky konferencií |2 SNKPH |9 70153 | |
| 655 | 7 | |a Proceedings of conferences |2 SNKPHeng |9 265791 | |
| 700 | 1 | |a Staruch, Ladislav, |d 1962- |4 edt |9 125079 | |
| 710 | 2 | |a Slovenská spoločnosť pre poľnohospodárske, lesnícke, potravinárske a veterinárske vedy |4 pbl |9 169423 | |
| 919 | |a 978-80-89597-23-9 | ||
| 958 | |a OND | ||
| 958 | |a NB | ||
| 999 | |c 844549 |d 846479 | ||
| 952 | |a SNK |b SNK |y VYP |7 0 |p 17A1179783 |o snkSD 84942 D1 |i snk2016/3068 |8 0 |0 0 |1 0 |4 0 |d 2016-02-05 |l 0 |r 2017-06-30 00:00:00 |w 2026-02-24 | ||
| 952 | |a SNK |b SNK |y PREZ |7 0 |p 17A1179573 |o snkSD 84942 |i snk2016/2572 |8 0 |0 0 |1 0 |4 0 |d 2016-02-02 |f 1 |l 0 |r 2017-06-30 00:00:00 |w 2026-02-24 | ||


